00594nam a22001577a 4500020001800000082001700018245007400035260003300109300000900142504002000151563000700171650005300178942001200231999001900243952017400262 a9786012090765 a378.584bONE aKazakh National Technical University named after K. I.Satpayev: today aAlmaty:bKazNTU Pressc2009. a375p aKazakh language aHB aUniversities and colleges — Kazakhstan9133696 2ddccBK c616657d616657 00102ddc3Satbayev Centre406378_584000000000000_ONE709645668aCLbCLd2026-03-12fSatbayev Cl0o378.584 ONEpCL-D-3251r2026-03-12w2026-03-12yBKzSatbayev Centre